The Arab world today

Spremljeno u:
Bibliografski detalji
Glavni autor: Berger, Morroe
Format: Knjiga
Jezik:Undetermined
Izdano: New York Anchor Books 1964
Teme:
Oznake: Dodaj oznaku
Bez oznaka, Budi prvi tko označuje ovaj zapis!
Thư viện lưu trữ: Trung tâm Học liệu Trường Đại học Cần Thơ
LEADER 00529nam a2200193Ia 4500
001 CTU_89635
008 210402s9999 xx 000 0 und d
082 |a 956 
082 |b B496 
100 |a Berger, Morroe 
245 4 |a The Arab world today 
245 0 |c Morroe Berger 
260 |a New York 
260 |b Anchor Books 
260 |c 1964 
650 |a Arab countries,Arab countries 
650 |x Politics and government,Economic conditions 
904 |i Mai Loan 
980 |a Trung tâm Học liệu Trường Đại học Cần Thơ